Sommium scipionis: quellen, gestalt, sinn /
Guardado en:
| Autor Principal: | |
|---|---|
| Formato: | Libro |
| Publicado: |
Wiesbaden :
Franz Steiner,
1976
|
| Series: | Hermes, 36
|
| Materias: | |
| Etiquetas: |
Agregar Etiqueta
Sin Etiquetas, Sea el primero en etiquetar este registro!
|
| LEADER | 00487nam a22001695a 4500 | ||
|---|---|---|---|
| 001 | EHU.bham013521 | ||
| 003 | AR-BHAM | ||
| 005 | 20100304151654.0 | ||
| 008 | 130507s1976##################000#0#####d | ||
| 082 | 8 | 7 | |a 875 |
| 100 | 1 | |a Buchner, Karl | |
| 245 | 1 | 0 | |a Sommium scipionis: quellen, gestalt, sinn / |c Karl Buchner |
| 260 | |a Wiesbaden : |b Franz Steiner, |c 1976 | ||
| 300 | |a 119p. | ||
| 490 | 0 | |a Hermes, 36 | |
| 653 | |a Oratoria latina | ||
| 859 | |a AR-BHAM |b BIB. HUMANIDADES - General |h 875 |i B854 |p 281.91 |t Ej.1 | ||
